000 00478nam a2200157Ia 4500
008 151021s9999 xx 000 0 und d
020 _a030906148x
050 _aLB525.76.C66 1998
245 _a_Preventing Reading difficulties in young children Catherine E. snow
260 _aWashington National Academic press 1998
300 _axiv,432p.
500 _aInclude index
500 _aInclude index
700 _a_Burns Susan M.
980 _a^d20120827 05:26:18^oanne
999 _c12535
_d12535